KOHA-Header-6

Development Economics (Theory and Practice) (Record no. 563)

000 -LEADER
fixed length control field 00346nam a2200121Ia 4500
008 - FIXED-LENGTH DATA ELEMENTS--GENERAL INFORMATION
fixed length control field 190722s9999 xx 000 0 und d
020 ## - INTERNATIONAL STANDARD BOOK NUMBER
International Standard Book Number 978-1-138-88531-8
100 ## - MAIN ENTRY--PERSONAL NAME
Personal name De Janvry, Sadoulet
245 #0 - TITLE STATEMENT
Title Development Economics (Theory and Practice)
260 ## - PUBLICATION, DISTRIBUTION, ETC. (IMPRINT)
Place of publication, distribution, etc London & New York
Name of publisher, distributor, etc Rouledge Taylor & Francis Group
Date of publication, distribution, etc 2016
300 ## - PHYSICAL DESCRIPTION
Extent 828
942 ## - ADDED ENTRY ELEMENTS (KOHA)
Koha item type Books
Holdings
Withdrawn status Lost status Source of classification or shelving scheme Damaged status Not for loan Collection code Permanent Location Current Location Shelving location Date acquired Full call number Barcode Date last seen Price effective from Koha item type
          Economics MAJU MAJU Shelf No.A47 2019-07-22 338.9  7189 2019-07-22 2019-07-22 Economics

Powered by Koha